000 01250nam0a22002531 4500
001 rc\762036
005 20260406121048.0
035 _a(NLR Aleph) 006289651
090 _a7136089
_c7136089
100 _a20040301d1985 |||y0rusy50 ca
101 0 _arus
102 _aRU
105 _aa |||||||||
200 1 _aНаучные проблемы авиации и космонавтики
_eИстория и современность
_e[Сб. ст.]
_fАН СССР, Комис. по разраб. науч. наследия пионеров освоения космич. пространства, Ин-т истории естествознания и техники
_gОтв. ред. Б.В. Раушенбах
210 _aМ.
_cНаука
_d1985
215 _a199 с.
_cил.
_d21
320 _aБиблиогр. в конце ст.
702 1 _aРаушенбах
_bБ.В.
_gБорис Викторович
_4340
712 0 2 _aАН СССР
_bКомиссия по разработке научного наследия пионеров освоения космического пространства
_3RU\NLR\AUTH\8813598
_9300228
801 0 _aRU
_bNLR
_gpsbo
801 1 _aRU
_bELAR
_2rusmarc
852 _aNLR
_j86-5/2185
942 _cBOOK
980 _aNB